| 000 | nam a22 a 4500 | ||
|---|---|---|---|
| 999 |
_c3176 _d3176 |
||
| 003 | AKMAL | ||
| 005 | 20170519160850.0 | ||
| 008 | 170519s1998 my 00 may d | ||
| 020 |
_a9676108731 (kkt.): _cRM 17.50 |
||
| 040 | _aAKMAL | ||
| 082 | 0 | 4 | _a658.4098 OMA |
| 090 | 0 | 0 |
_a658.4098 _dOMA |
| 100 | 0 |
_aOmardin Haji Ashaari, _d1937- _9852 |
|
| 245 | 1 | 0 |
_aPengurusan masa / _cOmardin Ashaari |
| 260 |
_aKuala Lumpur : _bUtusan Publications & Distributors, _c1998 |
||
| 300 | 0 | 0 |
_av, 209ms. ; _c22cm |
| 650 | 0 |
_aTime management _91213 |
|
| 650 | 0 |
_aMuslims _xTime management _92499 |
|
| 650 | 0 |
_aScheduling _96543 |
|
| 942 |
_2ddc _cBOOK |
||